Geography Quiz

Random Geography or City Quiz

Scrambled City Sets II Quiz Stats

 Plays Quiz Updated Mar 7, 2019

Score 0/30 Timer 06:00
0 Plays Today
Category City % Correct
Skyscraping CitiesNEW YORK
96.8%
Skyscraping CitiesDUBAI
93.4%
Parlez-Vous Français?LYON
91.3%
Skyscraping CitiesKUALA LUMPUR
86.4%
Second-Largest CitiesLOS ANGELES
85.6%
Second-Largest CitiesCAPE TOWN
84.5%
Undisguised CapitalsMEXICO CITY
84.4%
Parlez-Vous Français?PORT-AU-PRINCE
82.9%
Skyscraping CitiesTAIPEI
77.9%
Vacation DestinationsCANCUN
77.4%
Undisguised CapitalsSAO TOME
76.1%
Vacation DestinationsMACAU
75.8%
US College TownsANN ARBOR
75.6%
Skyscraping CitiesSHANGHAI
68.6%
Undisguised CapitalsDJIBOUTI
66.2%
Category City % Correct
Undisguised CapitalsLUXEMBOURG
65.9%
Vacation DestinationsACAPULCO
65.4%
Second-Largest CitiesANKARA
63.5%
Parlez-Vous Français?DAKAR
61.3%
Undisguised CapitalsBRASILIA
54.3%
US College TownsBERKELEY
45.7%
US College TownsBOULDER
45.4%
Second-Largest CitiesHAMBURG
43.7%
Second-Largest CitiesBARCELONA
41.7%
Vacation DestinationsATLANTIC CITY
41.1%
US College TownsMADISON
35.8%
US College TownsCAMBRIDGE
32.6%
Parlez-Vous Français?MONTREAL
29.8%
Vacation DestinationsORLANDO
28.9%
Parlez-Vous Français?KINSHASA
25.3%

You're not logged in!

Compare scores with friends on all Sporcle quizzes.
OR
Log In

Sporcle TV

Today on Sporcle TV


Watch our educational content, quiz creation guides, and fun videos on Sporcle TV.

Show Comments

Extras

Top Quizzes Today


Score Distribution

Your Account Isn't Verified!

In order to create a playlist on Sporcle, you need to verify the email address you used during registration. Go to your Sporcle Settings to finish the process.

Report this User

Report this user for behavior that violates our Community Guidelines.

Details: